| 000 | 00453cam a2200181ua 4500 | ||
|---|---|---|---|
| 020 |
_a06-041656-4 _c$ 7 |
||
| 041 |
_aeng _h |
||
| 082 |
_a664 _bDEV/DI |
||
| 100 | _aDevine , Marjorie M . | ||
| 245 |
_aDimensions of food / _cMarjorie M Devine. _hTextual Documents |
||
| 250 |
_a1 / _b. |
||
| 260 |
_aNew York : _bHarper and Row Publishers , _c1975. |
||
| 300 | _a184 ; . | ||
| 365 | _a$ 7 | ||
| 504 | _a | ||
| 942 | _cBK | ||
| 999 |
_c1445 _d1445 |
||